00298 a2200133 450000100060000002000180000604000220002410000290004624000250007524500230010030000080012336200090013165000240014068405 a9786556132839 cAnchieta - Pituba aSantos, Thaís Siqueira10aHistória 8º anol10aHistória 8º ano a2240 a2023 4aHistória do mundo